LEADER 00835nam0-2200265 --4500 001 9910153953103321 005 20161219130130.0 010 $a978-88-89094-84-6 020 $aIT$b2011-5341 100 $a20161216d2011----kmuy0itay5050----ba 101 0 $aita 102 $aIT 200 1 $aAbitazione di Dio$econservazione dell'Eucarestia e culto eucaristico extra missam$epercorso storico-giuridico, aspetti critici e nuove prospettive$fMaria Grazia Colucci 210 $aNapoli$cEDI$d2011 215 $a380 p.$d24 cm 610 0 $aEucaristia$aDiritto canonico 676 $a234.163 700 1$aColucci,$bMaria Grazia$0740922 801 0$aIT$bUNINA$gRICA$2UNIMARC 901 0$aBK 912 $a9910153953103321 952 0$a200/3 0156$bBibl. 2016/263$fFLFBC 959 0$aFLFBC 996 $aAbitazione di Dio$91469836 997 $aUNINA LEADER 03290nam 2200553 450 001 9910467379703321 005 20200923020339.0 010 $a3-11-045290-1 010 $a3-11-045495-5 024 7 $a10.1515/9783110454956 035 $a(CKB)3850000000001015 035 $a(MiAaPQ)EBC4911699 035 $a(DE-B1597)460217 035 $a(OCoLC)999371847 035 $a(DE-B1597)9783110454956 035 $a(Au-PeEL)EBL4911699 035 $a(CaPaEBR)ebr11419435 035 $a(CaONFJC)MIL1024462 035 $a(OCoLC)999635680 035 $a(EXLCZ)993850000000001015 100 $a20170822h20172017 uy 0 101 0 $aeng 135 $aurcnu|||||||| 181 $ctxt$2rdacontent 182 $cc$2rdamedia 183 $acr$2rdacarrier 200 00$aJewish aspects in avant-garde $ebetween rebellion and revelation /$fedited by Mark H. Gelber and Sami Sjo?berg 210 1$aBerlin, [Germany] ;$aBoston, [Massachusetts] :$cDe Gruyter,$d2017. 210 4$d©2017 215 $a1 online resource (286 pages) 225 0 $aPerspectives on Jewish Texts and Contexts,$x2199-6962 ;$vVolume 5 311 $a3-11-033692-8 320 $aIncludes bibliographical references at the end of each chapters. 327 $tFrontmatter --$tContents --$tAcknowledgements --$tIntroduction --$tDada Judaism: The Avant-Garde in First World War Zurich --$tJews and the Avant-Garde: The Case of Romania --$tTowards an Ahistorical Jewishness: The Idea of Jewish Essence in the German-Jewish Avant-Garde --$tCarl Einstein, Jewishness, and the Communities of the European Avant-Garde --$tChallenging the Literary Community: The Warsaw Yiddish Avant-Garde and Khalyastre --$tModern Jewish Sculptors and the Cultural Policy of the USSR in the 1920s?1930s --$tFrontière humaine: Race, Nation, and the Shape of Representation in Claude Cahun --$tArnold Schoenberg?s Jewish Veil: The Workings of Anti-Semitic Rhetoric in Die glückliche Hand, Op. 18 (1913) --$tSaints and Tsadikim ? The Religious Syncretism of Jewish Expressionism --$tBetween Ecstasy and Lament: Revelationism and Messianism in Epstein and Godard --$tThe Mad Book: Der Nister as Unreliable Author in From my Estate (1929) --$tThe Role of Judaism in Benjamin Fondane?s Existential Philosophy --$tThe Avant-Garde and the Jews --$tNotes on Contributors 330 $aThis volume deals with the significance of the avant-garde(s) for modern Jewish culture and the impact of the Jewish tradition on the artistic production of the avant-garde, be they reinterpretations of literary, artistic, philosophical or theological texts/traditions, or novel theoretical openings linked to elements from Judaism or Jewish culture, thought, or history. 410 0$aPerspectives on Jewish texts and contexts (Series) ;$vv. 5. 606 $aJews$xIntellectual life 608 $aElectronic books. 615 0$aJews$xIntellectual life. 676 $a909.04924082 702 $aGelber$b Mark H., $4edt$4http://id.loc.gov/vocabulary/relators/edt 702 $aSjöberg$b Sami, $4edt$4http://id.loc.gov/vocabulary/relators/edt 801 0$bMiAaPQ 801 1$bMiAaPQ 801 2$bMiAaPQ 906 $aBOOK 912 $a9910467379703321 996 $aJewish aspects in avant-garde$92463800 997 $aUNINA LEADER 02619nam 2200661 a 450 001 9910781041403321 005 20230721005805.0 010 $a1-282-48795-7 010 $a9786612487958 010 $a1-59403-359-5 035 $a(CKB)2550000000006047 035 $a(EBL)478452 035 $a(OCoLC)609853938 035 $a(SSID)ssj0000360413 035 $a(PQKBManifestationID)11272769 035 $a(PQKBTitleCode)TC0000360413 035 $a(PQKBWorkID)10318903 035 $a(PQKB)10391331 035 $a(SSID)ssj0001437984 035 $a(PQKBManifestationID)12618745 035 $a(PQKBTitleCode)TC0001437984 035 $a(PQKBWorkID)11377823 035 $a(PQKB)10569730 035 $a(MiAaPQ)EBC478452 035 $a(Au-PeEL)EBL478452 035 $a(CaPaEBR)ebr10330846 035 $a(EXLCZ)992550000000006047 100 $a20060808d2007 uy 0 101 0 $aeng 135 $aur|n|---||||| 181 $ctxt 182 $cc 183 $acr 200 14$aThe future of marriage$b[electronic resource] /$fDavid Blankenhorn 205 $a1st ed. 210 $aNew York $cEncounter Books$d2007 215 $a1 online resource (346 p.) 300 $aDescription based upon print version of record. 311 $a1-59403-241-6 311 $a1-59403-081-2 320 $aIncludes bibliographical references and index. 327 $aWhat is marriage? -- Prehistory -- The river valleys -- The Trobriand Islands -- What marriage is -- Deinstitutionalize marriage? -- Goods in conflict -- Determining marriage's fate. 330 $aThe idea of this book began in a conversation David Blankenhorn had with the president of Freedom to Marry, a group advocating equal marriage rights for same-sex couples. This man asked Blankenhorn, a leading figure in the ?marriage movement," to endorse his group's objectives. Feeling a bit defensive, Blankenhorn replied, ?Every child deserves a mother and a father." The Future of Marriage is the result of that conversation. In their current demands, Blankenhorn points out, gay and lesbian leaders are not asking for marriage with an adjective in front of it, but marriage itself. So in t 606 $aMarriage 606 $aMarriage$xHistory 606 $aSame-sex marriage 615 0$aMarriage. 615 0$aMarriage$xHistory. 615 0$aSame-sex marriage. 676 $a306.84/8 700 $aBlankenhorn$b David$01503262 801 0$bMiAaPQ 801 1$bMiAaPQ 801 2$bMiAaPQ 906 $aBOOK 912 $a9910781041403321 996 $aThe future of marriage$93862511 997 $aUNINA LEADER 07111oam 22017294 450 001 9910965593603321 005 20251116163724.0 010 $a9786612843853 010 $a9781462364848 010 $a1462364845 010 $a9781452774282 010 $a1452774285 010 $a9781451873207 010 $a1451873204 010 $a9781282843851 010 $a1282843850 035 $a(CKB)3170000000055320 035 $a(EBL)1608396 035 $a(SSID)ssj0000940100 035 $a(PQKBManifestationID)11512681 035 $a(PQKBTitleCode)TC0000940100 035 $a(PQKBWorkID)10939142 035 $a(PQKB)11774405 035 $a(OCoLC)712987784 035 $a(IMF)WPIEE2009173 035 $a(MiAaPQ)EBC1608396 035 $a(IMF)WPIEA2009173 035 $aWPIEA2009173 035 $a(EXLCZ)993170000000055320 100 $a20020129d2009 uf 0 101 0 $aeng 135 $aur|n|---||||| 181 $ctxt 182 $cc 183 $acr 200 10$aCounterparty Risk, Impacton Collateral Flows and Role for Central Counterparties /$fJames Aitken, Manmohan Singh 205 $a1st ed. 210 1$aWashington, D.C. :$cInternational Monetary Fund,$d2009. 215 $a1 online resource (17 p.) 225 1 $aIMF Working Papers 300 $aAt head of title: Monetary and Capital Markets Department. 300 $a"August 2009." 311 08$a9781451917475 311 08$a1451917473 320 $aIncludes bibliographical references. 327 $aContents; I. Introduction; II. Counterparty Risk; Figures; 1. Illustrative Repricing of Derivatives When a Large Financial Institution Fails; III. The Changing Profile of Counterparty Risk in the United States; IV. The Adverse Impact of Counterparty Risk on Global Liquidity; 2. Counterparty Liabilities of Major U.S. Banks; Tables; 1. Snapshot of Reduced Collateral Posting Among LCFIs; 2. Securities Lending by Major Custodians; V. Regulatory Thrust for a Central Counterparty; 3. Cash Holding by Major LCFIs; VI. Conclusions and Policy Implications; Appendixes 327 $a1. Methodological Issues in Computing Connectedness in Counterparty RiskReferences 330 3 $aCounterparty risk in the United States stemming from exposures to OTC derivatives payables (after netting) is now concentrated in five banks?Goldman Sachs, JPMorgan, Bank of America, Morgan Stanley and Citi. This note analyzes how such risks have shifted over the past year. We estimate that the adverse impact of counterparty risk on high-grade collateral flows and global liquidity due to decrease in rehypothecation, reduced securities lending, and hoarding of cash by major banks is at least $5 trillion. In order to mitigate counterparty risk, there have been regulatory initiatives to establish central counterparties (CCPs). From a policy perspective, counterparty risk remains large at present and recent experience has shown that OTC derivative positions are not supported by sufficient capital, constituting a major risk for participants in this market. 410 0$aIMF Working Papers; Working Paper ;$vNo. 2009/173 606 $aCredit$xRisk assessment 606 $aRisk management$zUnited States 606 $aBanks and banking$zUnited States 606 $aFinance$zUnited States 606 $aAsset and liability management$2imf 606 $aBanking$2imf 606 $aBanks and Banking$2imf 606 $aBanks and banking$2imf 606 $aBanks$2imf 606 $aCentral counterparty clearing house$2imf 606 $aClearinghouses$2imf 606 $aCollateral$2imf 606 $aCurrencies$2imf 606 $aDepository Institutions$2imf 606 $aDerivative markets$2imf 606 $aDerivative securities$2imf 606 $aFinance$2imf 606 $aFinance: General$2imf 606 $aFinancial Institutions and Services: Government Policy and Regulation$2imf 606 $aFinancial institutions$2imf 606 $aFinancial Instruments$2imf 606 $aFinancial markets$2imf 606 $aGeneral Financial Markets: General (includes Measurement and Data)$2imf 606 $aGovernment and the Monetary System$2imf 606 $aIndustries: Financial Services$2imf 606 $aInstitutional Investors$2imf 606 $aInternational Finance Forecasting and Simulation$2imf 606 $aInternational finance$2imf 606 $aInternational Financial Markets$2imf 606 $aInternational liquidity$2imf 606 $aInvestment Decisions$2imf 606 $aLoans$2imf 606 $aMicro Finance Institutions$2imf 606 $aMonetary economics$2imf 606 $aMonetary Systems$2imf 606 $aMoney and Monetary Policy$2imf 606 $aMoney$2imf 606 $aMortgages$2imf 606 $aNon-bank Financial Institutions$2imf 606 $aPayment Systems$2imf 606 $aPension Funds$2imf 606 $aPortfolio Choice$2imf 606 $aRegimes$2imf 606 $aStandards$2imf 607 $aUnited States$2imf 615 0$aCredit$xRisk assessment. 615 0$aRisk management 615 0$aBanks and banking 615 0$aFinance 615 7$aAsset and liability management 615 7$aBanking 615 7$aBanks and Banking 615 7$aBanks and banking 615 7$aBanks 615 7$aCentral counterparty clearing house 615 7$aClearinghouses 615 7$aCollateral 615 7$aCurrencies 615 7$aDepository Institutions 615 7$aDerivative markets 615 7$aDerivative securities 615 7$aFinance 615 7$aFinance: General 615 7$aFinancial Institutions and Services: Government Policy and Regulation 615 7$aFinancial institutions 615 7$aFinancial Instruments 615 7$aFinancial markets 615 7$aGeneral Financial Markets: General (includes Measurement and Data) 615 7$aGovernment and the Monetary System 615 7$aIndustries: Financial Services 615 7$aInstitutional Investors 615 7$aInternational Finance Forecasting and Simulation 615 7$aInternational finance 615 7$aInternational Financial Markets 615 7$aInternational liquidity 615 7$aInvestment Decisions 615 7$aLoans 615 7$aMicro Finance Institutions 615 7$aMonetary economics 615 7$aMonetary Systems 615 7$aMoney and Monetary Policy 615 7$aMoney 615 7$aMortgages 615 7$aNon-bank Financial Institutions 615 7$aPayment Systems 615 7$aPension Funds 615 7$aPortfolio Choice 615 7$aRegimes 615 7$aStandards 676 $a332.63232 700 $aAitken$b James$0191524 701 $aSingh$b Manmohan$01815606 712 02$aInternational Monetary Fund.$bMonetary and Capital Markets Department. 801 0$bDcWaIMF 906 $aBOOK 912 $a9910965593603321 996 $aCounterparty Risk, Impacton Collateral Flows and Role for Central Counterparties$94372901 997 $aUNINA